Missing Word: Fortnite Quiz Stats

 Plays Quiz Updated Jun 2, 2019

Score 0/20 Timer 02:30
1 Play Today
Hint Word % Correct
Hunting _____Rifle
82.2%
Pump _____Shotgun
81%
Rocket _____Launcher
80.9%
Boogie _____Bomb
80.2%
Chug _____Jug
78.8%
Launch _____Pad
77.9%
Dual _____Pistols
76.3%
_____ JuiceSlurp
72.9%
Compact _____SMG
70.6%
_____ CartShopping
69.2%
Hint Word % Correct
Thermal _____ Assault RifleScoped
68.8%
_____ CampfireCozy
68.7%
Shield _____Potion
67.4%
_____ BowBoom
62.4%
Chiller _____Grenade
59.6%
_____ TurretMounted
53.1%
_____ TrapDamage
52%
_____ Submachine GunSuppressed
36.9%
_____ CannonPirate
25.5%
_____ StonesShadow
20.9%

Today's Daily Dose

Missing Word
Celine Dion

Word Ladder
Dr. Seuss Books

Quick Pick
Cities in India

Get the Picture
'A' Actresses

You're not logged in!

Compare scores with friends on all Sporcle quizzes.
OR
Log In

Sporcle TV

Today on Sporcle TV


Watch our educational content, quiz creation guides, and fun videos on Sporcle TV.

Show Comments

Extras

Top Quizzes Today


Score Distribution

Your Account Isn't Verified!

In order to create a playlist on Sporcle, you need to verify the email address you used during registration. Go to your Sporcle Settings to finish the process.

Report this User

Report this user for behavior that violates our Community Guidelines.

Details: